000 00228nam a22001217a 4500
003 SGT
082 _a658.5
_bSTE
100 _aSTEXENSON,W
245 _aOPERATIONS MANAGEMENT
250 _a9TH
260 _aTMH
942 _2ddc
_cCD
999 _c24331
_d24331